000 00275 a2200109 4500
003 Nust
005 20170207154226.0
040 _cNust
082 _a371.33
245 _aVisit (So.I .C )Biennual Fitness (VHS-176)
440 _aVisit (So.I .C )Biennual Fitness (VHS-176)
538 _aDuration in Minutes-115
999 _c195568
_d195568